LEADER 03150nam 2200625Ia 450 001 9910464242303321 005 20170821160646.0 010 $a1-4623-9613-5 010 $a1-4527-5310-5 010 $a9786612842757 010 $a1-282-84275-7 010 $a1-4518-7201-1 035 $a(CKB)3170000000055223 035 $a(EBL)1608223 035 $a(SSID)ssj0000940103 035 $a(PQKBManifestationID)11483771 035 $a(PQKBTitleCode)TC0000940103 035 $a(PQKBWorkID)10948460 035 $a(PQKB)11763016 035 $a(OCoLC)650275282 035 $a(MiAaPQ)EBC1608223 035 $a(EXLCZ)993170000000055223 100 $a20090828d2009 uf 0 101 0 $aeng 135 $aur|n|---||||| 181 $ctxt 182 $cc 183 $acr 200 10$aCredit market in Morocco$b[electronic resource] $ea disequilibrium approach /$fprepared by Laurence Allain and Nada Oulidi 210 $a[Washington, D.C.] $cInternational Monetary Fund, Middle East and Central Asia Dept. and Monetary and Capital Markets Dept.$d2009 215 $a1 online resource (20 p.) 225 1 $aIMF working paper ;$vWP/09/53 300 $a"March 2009." 311 $a1-4519-1636-1 320 $aIncludes bibliographical references. 327 $aContents; I. Introduction; II. Overview of Credit Market Developments; Figures; 1. Required Bank Reserves and Official Reserves, 2000-07; 2. Treasury Bill Rate, 2000-07; 3. Private Sector Credit in Percent of GDP, 2000-07; 4. Structure of Banking System Assets; 5. Credit to the Economy (2002=100); 6. Evolution of Real Estate Stock Market Index; III. Literature Review; IV. Estimation Strategy; V. Estimation Results; VI. Concluding Remarks; Appendixes; I. Unit Root Tests; II. Cointegration Tests; References 330 $aIn this paper we use a disequilibrium framework common in the "credit crunch" literature, first to examine whether the slow credit growth in Morocco during the rapid expansion of liquidity in the first half of the decade can be attributed to credit rationing, and second to investigate the role of asset price increases in the recent acceleration of credit growth. Our results do not support the credit rationing hypothesis in the first half of the decade. They do however, show that the recent increase in real estate prices stimulated credit supply and demand, with a stronger effect on the latter. 410 0$aIMF working paper ;$vWP/09/53. 606 $aCredit control$zMorocco$xMathematical models 606 $aCredit$zMorocco$xMathematical models 608 $aElectronic books. 615 0$aCredit control$xMathematical models. 615 0$aCredit$xMathematical models. 676 $a338.9669 700 $aAllain$b Laurence$0873356 701 $aOulidi$b Nada$0873357 712 02$aInternational Monetary Fund.$bMiddle East and Central Asia Dept. 712 02$aInternational Monetary Fund.$bMonetary and Capital Markets Dept. 801 0$bMiAaPQ 801 1$bMiAaPQ 801 2$bMiAaPQ 906 $aBOOK 912 $a9910464242303321 996 $aCredit market in Morocco$91949635 997 $aUNINA LEADER 04974 am 2201093 n 450 001 9910324033003321 005 20190322 010 $a2-8028-0511-8 024 7 $a10.4000/books.pusl.23616 035 $a(CKB)4100000008283933 035 $a(FrMaCLE)OB-pusl-23616 035 $a(oapen)https://directory.doabooks.org/handle/20.500.12854/45482 035 $a(PPN)236708783 035 $a(EXLCZ)994100000008283933 100 $a20190528j|||||||| ||| 0 101 0 $afre 135 $auu||||||m|||| 181 $ctxt$2rdacontent 182 $cc$2rdamedia 183 $acr$2rdacarrier 200 13$aLe droit malgré tout $eHommage à François Ost /$fYves Cartuyvels, Antoine Bailleux, Diane Bernard, Hugues Dumont, Isabelle Hachez, Delphine Misonne 210 $aBruxelles $cPresses de l?Université Saint-Louis$d2019 215 $a1 online resource (956 p.) 311 $a2-8028-0231-3 330 $aDepuis Droit, mythe et raison (1980) écrit avec Jacques Lenoble jusqu'aux récents À quoi sert le droit ? Usages, fonctions et finalités (2016) ou Le droit, objet de passions (2018), François Ost ne cesse de questionner les rapports de nos sociétés au droit et la place de celui-ci dans nos sociétés contemporaines. Avec Le droit malgré tout, il s'agit de rendre hommage à l'?uvre et à la carrière d'une figure centrale de la théorie du droit contemporaine et aussi au fondateur, avec le regretté Michel Van De Kerchove, de ce que l'on appelle parfois « l'école de Saint-Louis ». Abordant les deux pôles de la dialectique à laquelle François Ost est si attaché - la critique et la reconstruction -, l'ouvrage propose un regard interdisciplinaire sur le droit, à travers les principaux thèmes qui ont nourri la pensée de l'auteur. Du statut épistémologique de la science du droit à un questionnement sur les fondements et l'avenir du droit et de la justice, des liens qu'entretiennent le droit et la littérature jusqu'à l'environnement saisi par le droit en passant par les « communs », les approches de ses collègues et amis sont toutes réflexives et critiques. En ce qu'elles sont soucieuses de soumettre le droit au regard des sciences sociales et, inversement, les normativités extra-juridiques au regard du droit, elles sont fidèles à la démarche de François Ost. Ce liber amicorum propose aussi un retour réflexif sur son ?uvre par l'auteur lui-même, dans un entretien avec Manuel Atienza. 517 $adroit malgré tout 606 $aLaw 606 $acolloque 606 $ahommage 606 $adroit 606 $ainterdisciplinarité 606 $adroit comparé 606 $ajustice 606 $alien social 610 $acolloque 610 $adroit comparé 610 $ajustice 610 $adroit 610 $alien social 610 $ahommage 610 $ainterdisciplinarité 615 4$aLaw 615 4$acolloque 615 4$ahommage 615 4$adroit 615 4$ainterdisciplinarité 615 4$adroit comparé 615 4$ajustice 615 4$alien social 700 $aBailleux$b Antoine$0595814 701 $aBégasse de Dhaem$b Pauline$01307986 701 $aBelley$b Jean-Guy$01307987 701 $aBernard$b Diane$0753501 701 $aBernard$b Nicolas$01299965 701 $aCartuyvels$b Yves$0603756 701 $aChevallier$b Jacques$0127598 701 $aCommaille$b Jacques$0780479 701 $aDelgrange$b Xavier$01283650 701 $aDe Clippele$b Marie-Sophie$01307988 701 $aDumont$b Hugues$01233294 701 $aFrydman$b Benoit$0428650 701 $aGaakeer$b Jeanne$01307989 701 $aGarapon$b Antoine$0254429 701 $aHachez$b Isabelle$01307990 701 $aJacob$b Robert$0404866 701 $aJadot$b Benoît$01283652 701 $aLegrand$b Pierre$0719840 701 $aLenoble$b Jacques$0476733 701 $aMartens$b Paul$01307991 701 $aMisonne$b Delphine$01304308 701 $aOst$b Isabelle$01287244 701 $aPapaux$b Alain$0551067 701 $aRuelle$b Annette$0731086 701 $aSalas$b Denis$0237860 701 $aStexhe$b Guillaume de$01292112 701 $aStrowel$b Alain$0287258 701 $aSupiot$b Alain$0148737 701 $aTulkens$b Françoise$0556199 701 $aVan Drooghenbroeck$b Sébastien$01307992 701 $aVan Eynde$b Laurent$01282758 701 $aVan Hoecke$b Mark$01307993 701 $avan Meerbeeck$b Jérémie$01304314 701 $aVogliotti$b Massimo$0505301 701 $aCartuyvels$b Yves$0603756 701 $aBailleux$b Antoine$0595814 701 $aBernard$b Diane$0753501 701 $aDumont$b Hugues$01233294 701 $aHachez$b Isabelle$01307990 701 $aMisonne$b Delphine$01304308 801 0$bFR-FrMaCLE 906 $aBOOK 912 $a9910324033003321 996 $aLe droit malgré tout$93029065 997 $aUNINA